[Event "Wch U18"]
[Site "?"]
[Date "1991.??.??"]
[Round "?"]
[White "Vescovi, Giovanni"]
[Black "Nielsen, Peter Heine"]
[Result "1-0"]
[WhiteElo "2260"]
[BlackElo "2365"]

1.e4 c5 2.Nf3 e6 3.d4 cxd4 4.Nxd4 Nf6 5.Bd3 Nc6 6.Nxc6 bxc6 7.O-O d5 8.exd5 cxd5
9.Bf4 Bd6 10.Bb5+ Bd7 11.Bxd7+ Qxd7 12.Qd4 O-O 13.c4 Bxf4 14.Qxf4 Rab8 15.cxd5 Nxd5
16.Qd2 Qb7 17.b3 Rfd8 18.Na3 e5 19.f3 Qb6+ 20.Qf2 Ne3 21.Rfe1 Rd3 22.Rac1 Rbd8
23.Nc2 Nd5 24.Qxb6 axb6 25.Rcd1 e4 26.fxe4 Nc3 27.Rxd3 Rxd3 28.Nb4 Rd2 29.Nd5 Nxa2
30.Nxb6 Rb2 31.Nc4 Rc2 32.Ne3 Rb2 33.Nc4 Rc2 34.Rd1 h6 35.Rd2 Rc1+ 36.Kf2 Nc3
37.Rd8+ Kh7 38.Nd2 Rc2 39.Ke3 Nb5 40.Rd5 Rc3+ 41.Ke2 Nc7 42.Rd4 Ne6 43.Rc4 Nf4+
44.Kd1 Re3 45.g3 Ng2 46.Rc7 Re1+ 47.Kc2 Ne3+ 48.Kd3 Ng4 49.b4 Nf2+ 50.Kd4 Rd1
51.Rc2 Ra1 52.b5 Ra8 53.b6 Rb8 54.Nc4 Rd8+ 55.Ke3 Ng4+ 56.Kf3 Nf6 57.b7 Rb8
58.Na5  1-0

[Event "Bad Woerishofen op"]
[Site "Bad Woerishofen"]
[Date "1992.??.??"]
[Round "3"]
[White "Nielsen, Peter Heine"]
[Black "Lief, Adam"]
[Result "1-0"]
[WhiteElo "2420"]
[BlackElo "2250"]

1.e4 e6 2.d4 d5 3.exd5 exd5 4.Nf3 Nc6 5.Bb5 Bd6 6.c4 Nf6 7.c5 Be7 8.Ne5 Bd7
9.Bxc6 Bxc6 10.Nxc6 bxc6 11.O-O O-O 12.Re1 Ne4 13.Nc3 f5 14.f3 Nxc3 15.bxc3 f4
16.Qe2 Bh4 17.Qe6+ Kh8 18.Re2 Qf6 19.Rb1 g5 20.Qxf6+ Rxf6 21.Rb7 Rc8 22.Bd2 g4
23.fxg4 f3 24.gxf3 Rxf3 25.Kg2 Rd3 26.Bf4 Bf6 27.Re6 Bg7 28.Rxc7 Rxc7 29.Re8+ Bf8
30.Bxc7 Kg7 31.Bd6  1-0

[Event "Bad Woerishofen op"]
[Site "Bad Woerishofen"]
[Date "1992.??.??"]
[Round "5"]
[White "Nielsen, Peter Heine"]
[Black "Kishnev, Sergey"]
[Result "0-1"]
[WhiteElo "2420"]
[BlackElo "2540"]

1.e4 e6 2.d4 d5 3.exd5 exd5 4.Nf3 Bd6 5.c4 Nf6 6.c5 Be7 7.Nc3 b6 8.cxb6 axb6
9.Be2 O-O 10.O-O c5 11.Bg5 Bb7 12.Re1 h6 13.Bxf6 Bxf6 14.Bb5 Na6 15.Bxa6 Rxa6
16.Qd2 Qd6 17.Rad1 Rd8 18.Ne5 Raa8 19.a3 Rac8 20.Nb5 Qb8 21.a4 cxd4 22.f4 d3
23.Qxd3 d4 24.Nxd4 Qa8 25.Qb3 Bd5 26.Qg3 Qxa4 27.b3 Qb4 28.Nf5 Rc3 29.Nd3 Qxb3
30.Nxh6+ Kf8 31.Ng4 Bd4+ 32.Kh1 Rc2 33.Ngf2 Bxf2 34.Qh3 Bxg2+  0-1

[Event "Wch U20"]
[Site "Buenos Aires"]
[Date "1992.??.??"]
[Round "?"]
[White "Nielsen, Peter Heine"]
[Black "Playa, Marcelo"]
[Result "1-0"]
[WhiteElo "2465"]
[BlackElo "2380"]

1.e4 e6 2.d4 d5 3.Nd2 c5 4.exd5 exd5 5.Ngf3 Bd6 6.dxc5 Bxc5 7.Bb5+ Nc6 8.O-O Ne7
9.Nb3 Bd6 10.Bg5 O-O 11.Re1 Bg4 12.Bh4 Qc7 13.Bg3 Bxg3 14.hxg3 Rad8 15.Qd2 Bxf3
16.gxf3 Ng6 17.f4 Rd6 18.Re3 a6 19.Bxc6 bxc6 20.Qd4 Qc8 21.Qc5 Rf6 22.Nd4 Qg4
23.f5 Ne7 24.Qxe7 Qxd4 25.Rae1  1-0

[Event "Wch U20"]
[Site "Buenos Aires"]
[Date "1992.??.??"]
[Round "?"]
[White "Nielsen, Peter Heine"]
[Black "Michelakis, George"]
[Result "0-1"]
[WhiteElo "2465"]
[BlackElo "2355"]

1.e4 c5 2.Nf3 d6 3.d4 cxd4 4.Nxd4 Nf6 5.Nc3 a6 6.a4 e6 7.Be2 Qc7 8.O-O b6
9.Bg5 Nbd7 10.f4 Be7 11.Kh1 Bb7 12.Bd3 h6 13.Bxf6 Bxf6 14.Nde2 g5 15.f5 Be5
16.Ng1 O-O-O 17.Qh5 Bxc3 18.bxc3 Nc5 19.fxe6 fxe6 20.Rf6 Bxe4 21.Rf7 Rd7
22.Rxd7 Qxd7 23.Bxe4 Nxe4 24.Rf1 Qxa4 25.Qg6 Qc4 26.Rf3 Kb8 27.Qg7 Rc8 28.Rf7 Rc7
29.Rf8+ Rc8 30.Rf7 Qc6 31.Qxh6 e5 32.Qe6 Nc5 33.Qe7 Qc7 34.Qf6 Qd8 35.Qg7 Rc7
36.Rxc7 Qxc7 37.Qxg5 a5 38.h4 a4 39.h5 a3 40.h6 Qf7 41.Qg7 Qh5+ 42.Nh3 a2
43.Qg8+ Kc7 44.Qxa2 Qxh6 45.Qf7+ Kc6 46.Kh2 Qd2 47.Qe8+ Kb7 48.Qf7+ Ka6 49.Qc4+ b5
50.Qa2+ Kb6 51.c4 e4 52.cxb5 d5 53.Kg3 e3 54.Nf4 Qf2+ 55.Kg4 e2 56.Nxe2 Qxe2+
57.Kh3 Qh5+ 58.Kg3 Ne4+  0-1

[Event "Wch U20"]
[Site "Buenos Aires"]
[Date "1992.??.??"]
[Round "?"]
[White "Nielsen, Peter Heine"]
[Black "Rocha, Sergio"]
[Result "1-0"]
[WhiteElo "2465"]
[BlackElo "2310"]

1.e4 d5 2.exd5 Nf6 3.d4 Bg4 4.Be2 Bxe2 5.Qxe2 Qxd5 6.Nf3 Nc6 7.c4 Qe4 8.Nc3 Qxe2+
9.Kxe2 O-O-O 10.d5 Na5 11.Ne5 Re8 12.b4 e6 13.bxa5 exd5 14.f4 d4 15.Nb5 Ng4
16.Kf3 Nxe5+ 17.fxe5 Rxe5 18.Bf4 Rc5 19.Rae1  1-0

[Event "Wch U20"]
[Site "Buenos Aires"]
[Date "1992.??.??"]
[Round "?"]
[White "Vescovi, Giovanni"]
[Black "Nielsen, Peter Heine"]
[Result "0-1"]
[WhiteElo "2340"]
[BlackElo "2465"]

1.e4 c5 2.Nf3 Nc6 3.d4 cxd4 4.Nxd4 g6 5.Be3 Bg7 6.c4 Nf6 7.Nc3 O-O 8.Be2 d6
9.O-O Bd7 10.Nb3 b6 11.Rc1 a5 12.Nd2 Bc8 13.Nb3 Bb7 14.f3 Nd7 15.Nd4 Nxd4
16.Bxd4 Nc5 17.Bxg7 Kxg7 18.Qd4+ f6 19.Nd5 e5 20.Qd2 Bxd5 21.cxd5 Qd7 22.b3 b5
23.Qe3 b4 24.f4 exf4 25.Qxf4 Rae8 26.Rc4 f5 27.exf5 Rxe2 28.f6+ Kg8 29.h4 Re5
30.g4 Qe8  0-1

[Event "Wch U20"]
[Site "Buenos Aires"]
[Date "1992.??.??"]
[Round "?"]
[White "Allen, Andrew"]
[Black "Nielsen, Peter Heine"]
[Result "1/2-1/2"]
[WhiteElo "2170"]
[BlackElo "2465"]

1.d4 Nf6 2.c4 e6 3.Nc3 Bb4 4.Qc2 d5 5.cxd5 exd5 6.Bg5 h6 7.Bxf6 Qxf6 8.a3 Bxc3+
9.Qxc3 O-O 10.e3 c6 11.Nf3 Bf5 12.Be2 Nd7 13.O-O a6 14.b4 Rfc8 15.Rfc1 Bg4
16.Qb2 Bxf3 17.Bxf3 Nb6 18.a4 Nc4 19.Qa2 Qd8 20.e4 b5 21.Bg4 Rcb8 22.e5 a5
23.bxa5 Rxa5 24.e6 Rxa4 25.Qe2 Rxa1 26.Rxa1 Qe7 27.exf7+ Kf8 28.Qc2 Qe4 29.Qd1 b4
30.Bh5 b3 31.Qxb3 Qf4 32.Qd3 Nd6 33.Qh7 Qxd4 34.Qg8+ Ke7 35.Re1+ Ne4 36.Rf1 Rf8
37.Bf3 Rxf7 38.Bxe4 Qxe4 39.Ra1 Kf6 40.Qc8 Qe6 41.Qb8 Kg6 42.Rc1 Rd7 43.Qb1+ Kf7
44.Re1 Qf6 45.Re3 Kg8 46.Re8+ Kf7 47.Re3 Qg5 48.h4 Qg4 49.Qb8 Qd1+ 50.Kh2 Re7
51.Qf4+ Ke8 52.Qb8+ Kf7 53.Rf3+ Ke6 54.Re3+ Kf7  1/2-1/2

[Event "Wch U20"]
[Site "Buenos Aires"]
[Date "1992.??.??"]
[Round "?"]
[White "Annakov, Babakuli"]
[Black "Nielsen, Peter Heine"]
[Result "0-1"]
[WhiteElo "2315"]
[BlackElo "2465"]

1.d4 Nf6 2.c4 g6 3.Nc3 Bg7 4.e4 d6 5.Be2 O-O 6.Nf3 c5 7.O-O cxd4 8.Nxd4 Nc6
9.Be3 Bd7 10.f3 Qb6 11.Na4 Qa5 12.Nc3 Nxd4 13.Bxd4 Rfc8 14.Qd2 Be6 15.b3 b5
16.b4 Qxb4 17.Rab1 Qa5 18.Rxb5 Qd8 19.Nd5 Nd7 20.Be3 Nc5 21.Bg5 Bxd5 22.cxd5 Bf6
23.Bxf6 exf6 24.Qd4 Qe7 25.Rb2 Qe5 26.Qxe5 fxe5 27.Bb5 Rab8 28.Rfb1 f5 29.exf5 gxf5
30.Bc6 Rxb2 31.Rxb2 Kg7 32.g3 Kf6 33.Kg2 Rg8 34.Rb4 e4 35.f4 h5 36.Rb1 h4
37.Bb5 h3+ 38.Kf2 Rb8 39.Ke3 Rb7  0-1

[Event "Forli op"]
[Site "Forli"]
[Date "1992.??.??"]
[Round "3"]
[White "Nielsen, Peter Heine"]
[Black "Maljutin, Evgeni"]
[Result "0-1"]
[WhiteElo "2405"]
[BlackElo "2480"]

1.e4 d5 2.exd5 Nf6 3.d4 Nxd5 4.c4 Nb6 5.Nf3 g6 6.Be2 Bg7 7.O-O O-O 8.Nc3 Bg4
9.c5 Nd5 10.h3 Bxf3 11.Bxf3 e6 12.Nxd5 exd5 13.Qb3 Nc6 14.Qxb7 Nxd4 15.Qxd5 Qxd5
16.Bxd5 Rab8 17.Rb1 Ne2+ 18.Kh1 Nc3 19.bxc3 Rxb1 20.Kg1 Bxc3 21.Bf4 Rxf1+
22.Kxf1 Re8 23.Bxc7 Re1+  0-1

[Event "Forli op"]
[Site "Forli"]
[Date "1992.??.??"]
[Round "4"]
[White "Stavru, Alessandro"]
[Black "Nielsen, Peter Heine"]
[Result "0-1"]
[WhiteElo "2235"]
[BlackElo "2405"]

1.e4 d5 2.exd5 Nf6 3.d4 Nxd5 4.c4 Nb6 5.c5 Nd5 6.Nc3 g6 7.Bc4 Nxc3 8.Qf3 e6
9.bxc3 Bg7 10.Ne2 Nc6 11.Bf4 O-O 12.Qg3 e5 13.dxe5 Qe7 14.e6 Bxe6 15.Bxe6 Qxe6
16.Kf1 Rfe8 17.Qf3 Rad8 18.g3 Qc4 19.Re1 Ne5 20.Bxe5 Rxe5 21.Kg2 Rde8 22.Kf1 Rf5  0-1

[Event "Forli op"]
[Site "Forli"]
[Date "1992.??.??"]
[Round "5"]
[White "Nielsen, Peter Heine"]
[Black "Cvitan, Ognjen"]
[Result "0-1"]
[WhiteElo "2405"]
[BlackElo "2550"]

1.e4 c5 2.Nf3 d6 3.d4 cxd4 4.Nxd4 Nf6 5.Nc3 e6 6.Be2 a6 7.O-O Be7 8.f4 Qc7
9.a4 Nc6 10.Be3 O-O 11.Kh1 Re8 12.Qd2 Rb8 13.Bf3 Bf8 14.Rad1 Na5 15.Qf2 Nc4
16.Bc1 e5 17.Nf5 exf4 18.Qh4 Bxf5 19.exf5 Ne3 20.Bxe3 fxe3 21.g4 Qc4 22.Rfe1 b5
23.Qh3 bxa4 24.g5 Rxb2 25.Nxa4 e2 26.Ra1 Ra2 27.Rxa2 Qxa2 28.Bc6 Ne4 29.Rxe2 Ng3+  0-1

[Event "Forli op"]
[Site "Forli"]
[Date "1992.??.??"]
[Round "6"]
[White "Pieri, Filippo"]
[Black "Nielsen, Peter Heine"]
[Result "0-1"]
[WhiteElo "2235"]
[BlackElo "2405"]

1.e4 c5 2.Nf3 Nc6 3.d4 cxd4 4.Nxd4 g6 5.Nc3 Bg7 6.Be3 Nf6 7.Nxc6 bxc6 8.e5 Ng8
9.f4 f6 10.Bd4 Qa5 11.Qd2 fxe5 12.fxe5 c5 13.Be3 Bxe5 14.Bc4 Nf6 15.O-O Bb7
16.Rae1 O-O-O 17.Qe2 d5 18.Bf2 Bxc3 19.bxc3 dxc4 20.Bg3 Qa6 21.Qe5 Qc6 22.Rf2 Nd5
23.Qb8+ Kd7 24.Qe5 Nc7 25.Qxe7+ Kc8 26.Bxc7 Rde8 27.Ba5 Rxe7 28.Rxe7 Re8
29.Rd2 Ba8  0-1

[Event "Forli op"]
[Site "Forli"]
[Date "1992.??.??"]
[Round "9"]
[White "Nielsen, Peter Heine"]
[Black "Mileto, Gabriele"]
[Result "1-0"]
[WhiteElo "2405"]
[BlackElo "2240"]

1.e4 d5 2.exd5 Nf6 3.d4 Nxd5 4.Be2 g6 5.c4 Nb6 6.Nf3 Bg7 7.O-O O-O 8.Nc3 Bg4
9.c5 Nd5 10.Qb3 Nxc3 11.bxc3 b6 12.Ba3 bxc5 13.Bxc5 Nd7 14.Ba3 Nb6 15.Rad1 c6
16.h3 Be6 17.c4 Rb8 18.Qc2 Re8 19.Bd3 Bf6 20.Rfe1 Qd7 21.Ne5 Bxe5 22.Rxe5 f6
23.Re3 Bf5 24.Bxf5 Qxf5 25.Qe2 Rb7 26.Bxe7 Kf7 27.Bc5 Rxe3 28.Qxe3 Nxc4 29.Qh6  1-0

[Event "Troll Masters"]
[Site "Gausdal"]
[Date "1992.??.??"]
[Round "2"]
[White "Nielsen, Peter Heine"]
[Black "Quinn, Mark"]
[Result "1/2-1/2"]
[WhiteElo "2420"]
[BlackElo "2275"]

1.e4 c5 2.Nf3 d6 3.d4 Nf6 4.Nc3 cxd4 5.Nxd4 e6 6.Be2 a6 7.O-O Be7 8.Kh1 Qc7
9.f4 O-O 10.a4 Rd8 11.Qe1 b6 12.Qg3 Bb7 13.f5 e5 14.Bh6 Bf8 15.Bg5 Be7 16.Bh6 Bf8
17.Bg5 Be7 18.Ne6 fxe6 19.fxe6 Rf8 20.Bd3 Qd8 21.Bh6 g6 22.Nd5 Bxd5 23.exd5 e4
24.Bxf8 Bxf8 25.Be2 a5 26.Rf2 Na6 27.Raf1 Be7 28.Bxa6 Rxa6 29.Qc3 e3 30.Rxf6 e2
31.Rf7 exf1=Q+ 32.Rxf1 Bf8 33.Rf7 Qe8 34.h4 Ra8 35.h5 Qxa4  1/2-1/2

[Event "Arnold Cup"]
[Site "Gausdal"]
[Date "1992.??.??"]
[Round "2"]
[White "Emms, John M"]
[Black "Nielsen, Peter Heine"]
[Result "1-0"]
[WhiteElo "2455"]
[BlackElo "2405"]

1.e4 e5 2.Nf3 Nc6 3.Bb5 Nf6 4.O-O Nxe4 5.d4 Nd6 6.Bxc6 dxc6 7.dxe5 Nf5 8.Qxd8+ Kxd8
9.Nc3 Ke8 10.b3 Be6 11.Bb2 Bb4 12.Ne2 Bd5 13.Nfd4 Nxd4 14.Nxd4 Bc5 15.Nf5 Rg8
16.Rad1 a5 17.Bd4 Be6 18.Ne3 Bxd4 19.Rxd4 g5 20.Rfd1 Ke7 21.g4 f6 22.exf6+ Kxf6
23.Kg2 h5 24.gxh5 Rh8 25.Ng4+ Bxg4 26.Rxg4 Rxh5 27.Rg3 Rh7 28.Rf3+ Kg6 29.Rfd3 a4
30.b4 a3 31.Rd7 Rxd7 32.Rxd7 Ra4 33.c3 c5 34.Rxc7 cxb4 35.Rc4 Kf5 36.Kg3 Ra6
37.Rxb4 Rd6 38.Rb3 Rd3+ 39.Kg2 Rd2 40.Rxa3 Rc2 41.Kg3 Kf6 42.h3 Kf5 43.f3 b6
44.Rb3 Rxa2 45.Rb5+ Kg6 46.Rxb6+ Kh5 47.c4 Rc2 48.Rc6 Rd2 49.Rc8 Rc2 50.c5 Kg6
51.c6 Kf6 52.c7 Kg7 53.h4  1-0

[Event "Gausdal Int"]
[Site "Gausdal"]
[Date "1992.??.??"]
[Round "2"]
[White "Gipslis, Aivars"]
[Black "Nielsen, Peter Heine"]
[Result "1/2-1/2"]
[WhiteElo "2465"]
[BlackElo "2405"]

1.e4 c5 2.Nf3 e6 3.Nc3 Nc6 4.Bb5 Nd4 5.Bd3 Ne7 6.O-O d5 7.b3 dxe4 8.Nxe4 Nec6
9.Ba3 Qa5 10.Bb2 Be7 11.a3 O-O 12.b4 Qb6 13.Rb1 cxb4 14.axb4 f5 15.Ng3 Bf6
16.Nxd4 Bxd4 17.c3 Bf6 18.Nh5 Bg5 19.b5 Ne5 20.Be2 g6 21.c4 Nd7 22.Ng3 e5
23.d4 exd4 24.Bxd4 Nc5 25.Bf3 Be6 26.Qe2 Rae8 27.Qa2 Bf6 28.Ne2 Bxd4 29.Nxd4 Bf7
30.Bd5 Ne4 31.Qb2 Rd8 32.Bxf7+ Rxf7 33.Nf3 Rfd7 34.Qb4 Rd3 35.Ra1 a6  1/2-1/2

[Event "Troll Masters"]
[Site "Gausdal"]
[Date "1992.??.??"]
[Round "3"]
[White "Nielsen, Peter Heine"]
[Black "Tisdall, Jonathan D"]
[Result "1/2-1/2"]
[WhiteElo "2420"]
[BlackElo "2455"]

1.e4 e5 2.Nf3 Nc6 3.Bb5 a6 4.Ba4 Nf6 5.O-O Be7 6.Bxc6 dxc6 7.d3 Nd7 8.b3 O-O
9.Bb2 f6 10.Nbd2 c5 11.Nc4 Nb8 12.Ne3 Nc6 13.Nf5 Bd6 14.Nd2 Bxf5 15.exf5 Qd7
16.Qf3 Ne7 17.Nc4 b6 18.Ne3 Rae8 19.Qe4 Kh8 20.Kh1 Nc6 21.Rg1 Nd4 22.Rae1 a5
23.a4 c6 24.Bc3 Bc7 25.Bd2 Bd8  1/2-1/2

[Event "Troll Masters"]
[Site "Gausdal"]
[Date "1992.??.??"]
[Round "5"]
[White "Nielsen, Peter Heine"]
[Black "Groenn, Atle"]
[Result "1/2-1/2"]
[WhiteElo "2420"]
[BlackElo "2310"]

1.e4 e6 2.d4 d5 3.exd5 exd5 4.Nf3 Bd6 5.c4 c6 6.Nc3 Ne7 7.c5 Bc7 8.Bd3 Bf5
9.Bxf5 Nxf5 10.Qd3 Qf6 11.Bg5 Qg6 12.O-O-O O-O 13.g4 Nh6 14.Qd2 Nxg4 15.Rdg1 f6
16.Bf4 Bxf4 17.Qxf4 Nxf2 18.Qd2 Ne4 19.Qf4 Nxc3 20.bxc3 Qd3 21.Ne5 Qxc3+
22.Kb1 Qb4+ 23.Kc1 g6 24.Qh6 Qc3+ 25.Kb1 Qb4+ 26.Kc1 Qc3+ 27.Kb1 Qb4+ 28.Kc1  1/2-1/2

[Event "Troll Masters"]
[Site "Gausdal"]
[Date "1992.??.??"]
[Round "6"]
[White "Hebden, Mark"]
[Black "Nielsen, Peter Heine"]
[Result "1/2-1/2"]
[WhiteElo "2500"]
[BlackElo "2420"]

1.d4 Nf6 2.Nf3 e6 3.c4 b6 4.g3 Ba6 5.b3 Bb4+ 6.Bd2 Be7 7.Bg2 c6 8.Bc3 d5
9.Nbd2 Nbd7 10.O-O O-O 11.Re1 c5 12.Bb2 dxc4 13.Nxc4 Bb7 14.Nfe5 Bxg2 15.Kxg2 Rc8
16.e4 b5 17.Nxd7 Qxd7 18.Ne5 Qb7 19.Qf3 cxd4 20.Bxd4 Bc5 21.Bb2 Bb4 22.Re2 Rfd8
23.a3 Bc5 24.Rc1 Bd4 25.Rxc8 Qxc8 26.Nxf7 Kxf7 27.Bxd4 Rxd4 28.e5 Qd7 29.exf6 gxf6
30.Re5 Kg7 31.Rc5 Rd5 32.Rc3 a5 33.h4 Rf5 34.Rd3 Rd5 35.Rc3 Rf5 36.Qe3 Re5
37.Qc1 Qd5+ 38.Kh2 Qe4 39.g4 h5 40.f3 Qe2+ 41.Kg3 Qe1+ 42.Qxe1 Rxe1 43.Rc7+ Kh6
44.Rc5 hxg4 45.Kxg4 Ra1 46.Rxb5 Rxa3 47.Rb6 a4 48.Rxe6 Kg7 49.Re7+ Kh6 50.bxa4 Rxa4+
51.Kf5 Rxh4 52.f4 Rh1 53.Kxf6 Ra1 54.Rd7 Ra6+ 55.Ke5 Ra5+ 56.Rd5 Ra7 57.Ke6 Kg7
58.f5 Ra6+ 59.Ke5 Kf7 60.Rd7+ Kf8 61.Rh7 Rb6  1/2-1/2

[Event "Arnold Cup"]
[Site "Gausdal"]
[Date "1992.??.??"]
[Round "7"]
[White "Nielsen, Peter Heine"]
[Black "Egeli, Per Ove"]
[Result "1-0"]
[WhiteElo "2405"]
[BlackElo "2210"]

1.d4 g6 2.e4 c6 3.c4 d5 4.e5 h5 5.Nc3 Nh6 6.Nf3 Na6 7.cxd5 cxd5 8.Bxa6 bxa6
9.O-O e6 10.Qa4+ Qd7 11.Bd2 Nf5 12.Rfc1 Rb8 13.Qc2 Be7 14.Na4 O-O 15.Qd1 Qb5
16.Bg5 Bxg5 17.Nxg5 a5 18.Nf3 Bd7 19.Nc5 Bc6 20.b3 Rfc8 21.g3 a4 22.h3 Qa5
23.Kg2 Kg7 24.g4 hxg4 25.hxg4 Nh6 26.Ng5 Be8 27.Qf3  1-0

[Event "Gausdal Int"]
[Site "Gausdal"]
[Date "1992.??.??"]
[Round "7"]
[White "Gausel, Einar"]
[Black "Nielsen, Peter Heine"]
[Result "0-1"]
[WhiteElo "2485"]
[BlackElo "2405"]

1.c4 e5 2.Nc3 Nf6 3.Nf3 Nc6 4.e3 Be7 5.a3 O-O 6.b4 d6 7.d3 Re8 8.Be2 Bf5
9.Bb2 h6 10.O-O e4 11.dxe4 Nxe4 12.Nd5 Bf8 13.Bd3 Bh7 14.Qc2 Nb8 15.Rad1 Nd7
16.Nd2 Nef6 17.Bxh7+ Nxh7 18.Ne4 a5 19.Bc3 axb4 20.axb4 c6 21.Nf4 Qc7 22.Ng3 Ne5
23.Qb3 Nf6 24.Nd3 Nxd3 25.Rxd3 Ne4 26.Nxe4 Rxe4 27.f3 Re6 28.e4 Qb6+ 29.Kh1 Rae8
30.Be1 Qa6 31.b5 Qa7 32.Bf2 Qa5 33.Be1 Qa7 34.Bg3 Ra8 35.Rfd1 Qa4 36.h3 Qxb3
37.Rxb3 g6 38.bxc6 bxc6 39.Rb6 c5 40.Rc1 Ra2 41.Rbb1 f5 42.Rb8 Kf7 43.exf5 gxf5
44.Rcb1 Rg6 45.Kh2 f4 46.Bxf4 Raxg2+ 47.Kh1 Rf2 48.R8b7+ Be7 49.Rd1 Rxf3
50.Bxd6 Rxh3+ 51.Bh2 Rh4 52.Re1 Re6 53.Rxe6 Kxe6 54.Rb6+ Kf5 55.Kg2 h5 56.Rh6 Rg4+
57.Kf3 h4 58.Rh5+ Bg5 59.Bd6 Rxc4 60.Be7 Rf4+ 61.Kg2 Rg4+  0-1

[Event "Troll Masters"]
[Site "Gausdal"]
[Date "1992.??.??"]
[Round "7"]
[White "Nielsen, Peter Heine"]
[Black "Webster, Andrew"]
[Result "1/2-1/2"]
[WhiteElo "2420"]
[BlackElo "2350"]

1.e4 e6 2.d4 d5 3.exd5 exd5 4.Nf3 Bd6 5.c4 Nf6 6.Nc3 O-O 7.cxd5 Nbd7 8.Be2 Nb6
9.O-O Nfxd5 10.Ne5 c5 11.Nxd5 Nxd5 12.Bf3 Be6 13.Re1 Qc7  1/2-1/2

[Event "Kecskemet3"]
[Site "Kecskemet"]
[Date "1992.??.??"]
[Round "1"]
[White "Nielsen, Peter Heine"]
[Black "Habibi, Ali"]
[Result "0-1"]
[WhiteElo "2425"]
[BlackElo "2380"]

1.e4 c5 2.Nf3 d6 3.d4 cxd4 4.Nxd4 Nf6 5.Nc3 g6 6.Be2 Bg7 7.O-O Nc6 8.Nb3 O-O
9.Bg5 a5 10.a4 Be6 11.Re1 Rc8 12.Bf1 Nb4 13.Nd4 Bc4 14.Ndb5 Bxf1 15.Rxf1 Re8
16.Qe2 Qd7 17.f3 Qe6 18.Rad1 Nd7 19.Be3 Ne5 20.Nd4 Qc4 21.Qf2 Qa6 22.Ncb5 Nc4
23.c3 Nxe3 24.Qxe3 Nc6 25.Ne2 Ne5 26.b3 Nd7 27.c4 Qb6 28.Ned4 Rc5 29.Kh1 Rec8
30.Nc2 Rh5 31.Qe2 Nc5 32.Qe3 Nd7 33.Qe2 Nc5 34.Qe3 Rc6 35.Rd5 Bh6 36.f4 e5
37.Qf3 Bxf4 38.g3 Ne6 39.gxf4 Nxf4 40.Qf2 Qd8 41.Ne3 Rg5 42.c5 Rxc5 43.Rxd6 Qc8
44.Qf3 Rc1 45.Rdd1 Rxd1 46.Rxd1 Kg7 47.Nd6 Qc6 48.Ndc4 f5 49.Nd5 fxe4 50.Qxe4 Nh3
51.Qf3 Qxd5  0-1

[Event "Kecskemet3"]
[Site "Kecskemet"]
[Date "1992.??.??"]
[Round "4"]
[White "Szalanczy, Emil"]
[Black "Nielsen, Peter Heine"]
[Result "1-0"]
[WhiteElo "2420"]
[BlackElo "2425"]

1.e4 e5 2.Nf3 Nc6 3.Bb5 a6 4.Ba4 Nf6 5.O-O Be7 6.Re1 b5 7.Bb3 O-O 8.c3 d5
9.exd5 Nxd5 10.Nxe5 Nxe5 11.Rxe5 Bb7 12.d4 Bf6 13.Re1 Re8 14.Na3 b4 15.Nc4 bxc3
16.Na5 Rxe1+ 17.Qxe1 Qe8 18.Qf1 Bc6 19.Nxc6 Qxc6 20.Bxd5 Qxd5 21.bxc3 c5
22.Be3 cxd4 23.cxd4 a5 24.g3 Rb8 25.a4 h5 26.Qg2 Qf5 27.h4 Qd3 28.Qd5 Rd8
29.Qxa5 g6 30.Qb6 Kg7 31.Bh6+ Kxh6 32.Qxf6 Qxd4 33.Qxd4 Rxd4 34.a5 Rd7 35.a6  1-0

[Event "Kecskemet3"]
[Site "Kecskemet"]
[Date "1992.??.??"]
[Round "10"]
[White "Landenbergue, Claude"]
[Black "Nielsen, Peter Heine"]
[Result "1-0"]
[WhiteElo "2410"]
[BlackElo "2425"]

1.e4 e5 2.Nf3 Nc6 3.Bb5 Nf6 4.O-O Nxe4 5.Re1 Nd6 6.Nxe5 Nxe5 7.Rxe5+ Be7
8.Bd3 O-O 9.Nc3 c6 10.b3 Bf6 11.Re3 g6 12.Ba3 Ne8 13.Bxf8 Kxf8 14.Qf3 d5
15.Rae1 Nd6 16.Na4 b5 17.Nc5 Kg7 18.c3 a5 19.Bc2 Qb6 20.d4 b4 21.Qf4 Qd8
22.Na4 Bg5 23.Qe5+ Bf6 24.Qg3 Bf5 25.R3e2 bxc3 26.Nxc3 Bxc2 27.Rxc2 Nf5 28.Qd3 Nxd4
29.Rcc1 Ne6 30.Na4 Qd6 31.Qg3 Qb4 32.h3 Qd2 33.Qe3 Qxa2 34.Rxc6 Re8 35.Qf3 Bd4
36.Rf1 Ng5 37.Qxd5 Qd2 38.Rd6 Bxf2+ 39.Kh1 Qe2 40.Qd3 Qe5 41.Rd5 Qe3 42.Qxe3 Bxe3
43.Re1 Re6 44.Rxa5  1-0

[Event "Kecskemet3"]
[Site "Kecskemet"]
[Date "1992.??.??"]
[Round "11"]
[White "Nielsen, Peter Heine"]
[Black "Gyimesi, Zoltan"]
[Result "1/2-1/2"]
[WhiteElo "2425"]
[BlackElo "2230"]

1.e4 e5 2.Nf3 Nc6 3.Bb5 a6 4.Ba4 Nf6 5.O-O Be7 6.Re1 b5 7.Bb3 d6 8.c3 O-O
9.h3 Nb8 10.d4 Nbd7 11.Nbd2 Bb7 12.Bc2 c5 13.a4 Re8 14.d5 c4 15.b3 cxb3 16.Nxb3 Qc7
17.Bd2 bxa4 18.Rxa4 Nb6 19.Ra2 Nc4 20.Bd3 Rec8 21.Bxc4 Qxc4 22.Qc2 Bd8 23.Na5 Bxa5
24.Rxa5 Qc7 25.Ra4 Nd7 26.c4 Nc5 27.Ra3 a5 28.Be3 Ba6 29.Nd2 Rab8 30.Rea1 Nb7
31.Qc3 Bb5 32.Rb1 Be8 33.Bb6 Qe7 34.Bxa5 Nc5 35.Bb4 Na4 36.Qc2 Ra8 37.Nf1 g6
38.Ne3 Ra6 39.Rba1 Rca8 40.g3 h5 41.Qd2 Bd7 42.Kh2 Kh7 43.Nd1 Rb8 44.Rb1 Rab6
45.Ne3 Nc5 46.f3 h4 47.Nc2 hxg3+ 48.Kxg3 f5 49.Ra7 fxe4 50.Re1 Rxb4 51.Nxb4 Rxb4
52.Rxd7 Nxd7 53.Qxb4 Qg5+ 54.Kf2 Nc5 55.Re3 Nd3+ 56.Rxd3 exd3 57.Qc3 e4 58.fxe4 Qf4+
59.Ke1 Qxe4+ 60.Kd2 Qe2+ 61.Kc1 Qf1+ 62.Kd2 Qe2+ 63.Kc1 Qe3+ 64.Qd2 Qd4 65.Qb4 Qe3+
66.Qd2 Qxh3 67.Qf4 Qh5 68.Qf7+ Kh6 69.Qf8+ Kh7 70.Qf7+ Kh6 71.Qf8+ Kg5 72.Qe7+ Kh6  1/2-1/2

[Event "Kecskemet3"]
[Site "Kecskemet"]
[Date "1992.??.??"]
[Round "13"]
[White "Nielsen, Peter Heine"]
[Black "Loginov, Valery A"]
[Result "1/2-1/2"]
[WhiteElo "2425"]
[BlackElo "2540"]

1.e4 c5 2.Nc3 d6 3.Nge2 Nf6 4.d4 cxd4 5.Nxd4 a6 6.Be2 e5 7.Nb3 Be7 8.Be3 Be6
9.O-O O-O 10.Qd2 Nc6 11.Rfd1 a5 12.a3 a4  1/2-1/2

[Event "Aalborg op"]
[Site "Aalborg"]
[Date "1993.??.??"]
[Round "4"]
[White "Sorensen, Torben"]
[Black "Nielsen, Peter Heine"]
[Result "0-1"]
[WhiteElo "2320"]
[BlackElo "2440"]

1.Nf3 d5 2.d4 Nf6 3.e3 c5 4.dxc5 e6 5.c4 Bxc5 6.a3 O-O 7.b4 Be7 8.Bb2 dxc4
9.Qxd8 Rxd8 10.Bxc4 b6 11.Nbd2 Bb7 12.Ke2 Nbd7 13.Rhd1 a5 14.bxa5 Rxa5 15.a4 Bc6
16.Bb3 Nc5 17.Nd4 Bxa4 18.Bxa4 Nxa4 19.Rab1 Nd5  0-1

[Event "Aalborg op"]
[Site "Aalborg"]
[Date "1993.??.??"]
[Round "5"]
[White "Nielsen, Peter Heine"]
[Black "Shipov, Sergei"]
[Result "1/2-1/2"]
[WhiteElo "2440"]
[BlackElo "2490"]

1.e4 c5 2.Nf3 d6 3.d4 cxd4 4.Nxd4 Nf6 5.Nc3 e6 6.Be2 Be7 7.O-O O-O 8.f4 a6
9.Kh1 Qc7 10.a4 Nc6 11.Be3 Re8 12.Bf3 Rb8 13.Qd2 Bd7 14.Nb3 b6 15.g4 Bc8
16.g5 Nd7 17.Bg2 Na5 18.Qf2 Nc4 19.Bc1 Bb7 20.Nd4 Bf8 21.b3 Na5 22.Bb2 Nc6
23.Rad1 Nxd4 24.Rxd4 g6 25.Rd3 Rbc8 26.Rfd1 h5 27.gxh6 Kh7 28.Qg3 Nf6 29.Bf3 Qc5
30.Rg1 Nh5 31.Qg4 Bxh6 32.f5 Rg8 33.fxe6 fxe6 34.Nd5 exd5 35.Qd7+ Rg7 36.Bxg7 Rc7
37.Qe6 Rxg7 38.Bxh5 dxe4 39.Bxg6+ Kh8 40.Qe8+ Rg8 41.Qf7 exd3+ 42.Qxb7 Qxg1+
43.Kxg1 Rxg6+ 44.Kf2 Rf6+ 45.Kg2 d2 46.Qc8+ Bf8 47.Qh3+ Bh6 48.Qc8+ Kg7 49.Qd7+ Kg8
50.Qe8+ Kg7 51.Qd7+ Kg8  1/2-1/2

[Event "Aalborg op"]
[Site "Aalborg"]
[Date "1993.??.??"]
[Round "8"]
[White "Nielsen, Peter Heine"]
[Black "Hector, Jonny"]
[Result "1-0"]
[WhiteElo "2440"]
[BlackElo "2470"]

1.e4 e5 2.Nf3 Nc6 3.Bb5 a6 4.Bxc6 dxc6 5.O-O Ne7 6.Nxe5 Qd4 7.Qh5 g6 8.Qg5 Bg7
9.Nd3 f5 10.e5 c5 11.b3 h6 12.Qe3 f4 13.Qxd4 cxd4 14.Nxf4 Bxe5 15.d3 Bf5
16.Re1 Bd6 17.Nd5 Kf7 18.Nxe7 Bxe7 19.Ba3 Bg5 20.Bb2 c5 21.Kf1 Rhe8 22.Rxe8 Rxe8
23.a4 b5 24.axb5 axb5 25.Na3 Bd7 26.Nb1 b4 27.Ra7 Re7 28.Rc7 Bg4 29.Rxe7+ Kxe7
30.Ke1 h5 31.Nd2 Bxd2+ 32.Kxd2 Bc8 33.Ke2 Bb7 34.f3 Kf6 35.h4 Bc8 36.Bc1 Bf5
37.Kf2 Ke5 38.Bh6 Kd6 39.Bf8+ Kc6 40.Kg3 c4 41.bxc4 b3 42.cxb3 Bxd3 43.Kf4 Bc2
44.Kg5 Kd7 45.Bb4 Ke6 46.Bd2 Bxb3 47.Kxg6 Bxc4 48.Kxh5 Bf1 49.g3 Be2 50.Kg4 Ke5
51.Bc1 Bd1 52.h5 Be2 53.Bb2 Bd1 54.h6 Kf6 55.Bxd4+ Kg6 56.Bg7 Be2 57.Kf4 Bd1
58.g4 Be2 59.Kg3 Kh7 60.f4 Bd3 61.f5 Bc2 62.Kf4 Bb1 63.g5 Kg8 64.Ke5 Ba2
65.g6  1-0

[Event "Azov"]
[Site "Azov"]
[Date "1993.??.??"]
[Round "?"]
[White "Kholmov, Ratmir D"]
[Black "Nielsen, Peter Heine"]
[Result "1/2-1/2"]
[WhiteElo "2455"]
[BlackElo "2465"]

1.e4 c6 2.d4 d5 3.Nc3 dxe4 4.Nxe4 Bf5 5.Ng3 Bg6 6.h4 h6 7.Nf3 Nd7 8.h5 Bh7
9.Bd3 Bxd3 10.Qxd3 e6 11.Bd2 Ngf6 12.O-O-O Be7 13.Kb1 O-O 14.Ne4 c5 15.dxc5 Nxc5
16.Nxf6+ Bxf6 17.Qxd8 Rfxd8 18.Be3 Na4 19.Rxd8+ Rxd8 20.c3 Be7 21.Kc2 Bc5
22.Re1 Bxe3 23.Rxe3 Nb6 24.Ne5 Kf8 25.c4 f6 26.Ng6+ Kf7 27.b3 Nc8 28.Rd3 Rxd3
29.Kxd3 Ne7 30.Nxe7 Kxe7 31.f4 Kd6 32.Kd4 Kc6 33.c5 Kb5 34.a3 Kc6 35.Kc4 Kc7
36.b4 Kc6 37.b5+ Kc7 38.a4 Kd7 39.g4 Kc7  1/2-1/2